000 01353nam a2200265Ia 4500
003 Ost
005 20260507074921.0
008 260507s9999||||xx |||||||||||||| ||und||
020 _a9789957244132
040 _cfsecg
041 _aara
082 _a519
100 _aطعمة، حسن ياسين
_eمؤلف
245 0 _aأساليب الإحصاء التطبيقي /
_c حسن ياسين طعمة
260 _aعمان:
_bدار صفاء للنشر والتوزيع,
_c2009
300 _a476 صفحة؛
_bإيضاحات ؛
_c24 سم
504 _aببليوغرافيا: ص.449 ؛ ملاحق ص.453
520 _aالتعريف العام للاحتمال، المتغيرات العشوائية المنفصلة وتوزيعها الاحتمالية، المتغيرات العشوائية المتصلة وتوزيعها الاحتمالي، الإرتباط، تحليل الانحدار، تحليل التباين، الاختبارات اللامعلمية، توزيع مربع كاي وتطبيقاته، تحليل السلاسل الزمنية
653 _aالإحصاء - المعاملات الإرتباطية
653 _aالاحصاء التطبيقي
653 _aالاحصاء الوصفي
653 _aالرياضيات
700 _aحنوش، ايمان حسين
_eمؤلف ثانوي
942 _cكتاب
999 _c41797
_d41797